[Event "CAN-op"]
[Site "Edmonton CAN"]
[Date "2005.07.10"]
[Round "2.11"]
[White "Bluvshtein, Mark"]
[Black "Vincent, Trevor"]
[Result "1-0"]
[WhiteElo "2529"]
[BlackElo "2000"]
[PlyCount "39"]
[GameId "2160767910901390"]
[EventDate "2005.07.09"]
[EventType "swiss"]
[EventRounds "10"]
[EventCountry "CAN"]

1. d4 f5 2. c4 Nf6 3. Nc3 g6 4. g3 Bg7 5. Bg2 d6 6. Nh3 e6 7. O-O O-O 8. Bg5 c6 9. Qd2 Qc7 10. Rfe1 e5 11. Rad1 Na6 12. d5 c5 13. Bh6 Bxh6 14. Qxh6 Qe7 15. e4 fxe4 16. Nxe4 Nxe4 17. Rxe4 Qg7 18. Qxg7+ Kxg7 19. Ng5 Rf6 20. f4 1-0

[Event "CAN-op"]
[Site "Edmonton CAN"]
[Date "2005.07.10"]
[Round "2.13"]
[White "Sundararajan, Kidambi"]
[Black "Bertrand, Daryl"]
[Result "1-0"]
[WhiteElo "2524"]
[BlackElo "1987"]
[PlyCount "101"]
[GameId "2160767910901392"]
[EventDate "2005.07.09"]
[EventType "swiss"]
[EventRounds "10"]
[EventCountry "CAN"]

1. d4 d5 2. c4 e6 3. Nc3 Be7 4. Nf3 Nf6 5. Bg5 O-O 6. e3 h6 7. Bh4 Ne4 8. Bxe7 Qxe7 9. Qc2 Nxc3 10. Qxc3 c5 11. cxd5 cxd4 12. Nxd4 exd5 13. Rc1 Bd7 14. Qc5 Qe4 15. Be2 Na6 16. Qd6 Rad8 17. O-O Bb5 18. Qa3 Bxe2 19. Nxe2 Rfe8 20. Rfd1 Qb4 21. Qxb4 Nxb4 22. Nc3 Re5 23. Kf1 f5 24. Rd2 Kf7 25. Rcd1 Ke6 26. a3 Nc6 27. Nb5 Rd7 28. Rd3 g5 29. Nd4+ Nxd4 30. exd4 Re4 31. f3 Rh4 32. Kg1 f4 33. Re1+ Kd6 34. g3 Rh5 35. Re5 Re7 36. Rxe7 Kxe7 37. Kg2 b6 38. Rc3 Kd7 39. Rc1 a5 40. Re1 fxg3 41. hxg3 Kc6 42. a4 Kd7 43. Re5 Kd6 44. b3 Kc6 45. Re6+ Kc7 46. Rf6 Kb7 47. Rd6 Kc7 48. Rxd5 Kc6 49. Re5 Kd6 50. f4 Kc6 51. f5 1-0

[Event "CAN-op"]
[Site "Edmonton CAN"]
[Date "2005.07.10"]
[Round "2.14"]
[White "Zaczek, Jonathon"]
[Black "Krush, Irina"]
[Result "0-1"]
[WhiteElo "2017"]
[BlackElo "2444"]
[PlyCount "71"]
[GameId "2160767910901393"]
[EventDate "2005.07.09"]
[EventType "swiss"]
[EventRounds "10"]
[EventCountry "CAN"]

1. e4 c5 2. Nf3 d6 3. d4 cxd4 4. Nxd4 Nf6 5. Nc3 Nc6 6. Bc4 Qb6 7. Nb3 e6 8. Be3 Qc7 9. Be2 a6 10. f4 b5 11. Bf3 Bb7 12. O-O Be7 13. Qd2 O-O 14. g4 Nd7 15. Qg2 Nb6 16. Rad1 Nc4 17. Bc1 Rfd8 18. Kh1 Nb4 19. Nd4 Nc6 20. Nf5 Bf6 21. Ne3 Nxe3 22. Bxe3 Na5 23. g5 Bxc3 24. bxc3 Qxc3 25. Bb6 Rd7 26. Rd3 Qb4 27. f5 Nc4 28. Bd4 exf5 29. exf5 Bxf3 30. Qxf3 Re8 31. a3 Qa5 32. Qh5 Re1 33. Rdf3 Qd2 34. Bxg7 Ne3 35. Qh3 Nxf1 36. Rxf1 0-1

[Event "CAN-op"]
[Site "Edmonton CAN"]
[Date "2005.07.10"]
[Round "2.15"]
[White "Venkatesh, Marani Rajendran"]
[Black "Mandic, Slaven"]
[Result "1-0"]
[WhiteElo "2475"]
[BlackElo "1970"]
[PlyCount "131"]
[GameId "2160767910901394"]
[EventDate "2005.07.09"]
[EventType "swiss"]
[EventRounds "10"]
[EventCountry "CAN"]

1. e4 d6 2. d4 Nf6 3. Nc3 g6 4. Nf3 Bg7 5. Be3 c6 6. Qd2 b5 7. Bd3 Nbd7 8. Bh6 Bxh6 9. Qxh6 e5 10. dxe5 dxe5 11. O-O-O a6 12. Kb1 Qe7 13. a4 bxa4 14. Nxa4 Rb8 15. b3 Ng4 16. Qd2 Qb4 17. Nb2 Qc5 18. Rhf1 O-O 19. h3 Ngf6 20. Ka2 Nb6 21. Ra1 Kg7 22. Kb1 h6 23. Ra5 Qd6 24. Rxe5 Nfd7 25. Ra5 Re8 26. Qc3+ Kh7 27. Rd1 Qf6 28. Qxf6 Nxf6 29. Re1 Kg7 30. Ne5 Bb7 31. Nbc4 Nxc4 32. Nxc4 Rbd8 33. e5 Nd5 34. Kb2 Nf4 35. Be4 f6 36. Nd6 Rxd6 37. exd6 f5 38. d7 Rd8 39. Bf3 Rxd7 40. Rae5 Kf6 41. g3 Nxh3 42. Re6+ Kg5 43. Bxc6 Bxc6 44. f4+ Kg4 45. Rxg6+ Kf3 46. Rxc6 Kxg3 47. Re3+ Kg4 48. Rg6+ Kh5 49. Rf6 Kg4 50. Rxa6 Nxf4 51. Ra4 Rd1 52. Re8 h5 53. Rg8+ Kf3 54. Rh8 Kg4 55. Raa8 Rd6 56. Ra1 h4 57. Rg1+ Kh3 58. Rh1+ Kg3 59. R8xh4 Ng2 60. R1h3+ Kf2 61. Rh2 Kg1 62. Rh6 Rd8 63. R2h3 f4 64. Rf3 Rf8 65. Rg6 Kh2 66. Rg4 1-0

[Event "CAN-op"]
[Site "Edmonton CAN"]
[Date "2005.07.10"]
[Round "2.19"]
[White "Roy Chowdhury, Saptarshi"]
[Black "Abrahams, Daniel"]
[Result "1-0"]
[WhiteElo "2421"]
[BlackElo "1946"]
[PlyCount "81"]
[GameId "2160767910901396"]
[EventDate "2005.07.09"]
[EventType "swiss"]
[EventRounds "10"]
[EventCountry "CAN"]

1. e4 c5 2. Nf3 e6 3. Nc3 a6 4. d4 cxd4 5. Nxd4 Qc7 6. Be2 Nc6 7. Be3 Nf6 8. O-O Bb4 9. Nxc6 bxc6 10. Na4 Rb8 11. c4 Be7 12. Qc2 c5 13. f4 d6 14. Bf3 Bd7 15. Nc3 Bc6 16. b3 h5 17. Kh1 Ng4 18. Bg1 Bf6 19. Rae1 Bd4 20. Qd3 e5 21. Nd5 Qd7 22. Bxd4 cxd4 23. Bxg4 hxg4 24. Qg3 f6 25. fxe5 dxe5 26. Rxf6 gxf6 27. Nxf6+ Ke7 28. Nxd7 Kxd7 29. Qxe5 Rbf8 30. Qxd4+ Kc8 31. Qc5 Kb7 32. b4 g3 33. b5 axb5 34. cxb5 Bd7 35. Qd5+ Kc8 36. Qa8+ Kc7 37. Qa7+ Kc8 38. b6 Kd8 39. Rd1 Rh7 40. Qc7+ Ke8 41. b7 1-0

[Event "CAN-op"]
[Site "Edmonton CAN"]
[Date "2005.07.10"]
[Round "2.24"]
[White "Belleau, David"]
[Black "Mohota, Nisha"]
[Result "0-1"]
[WhiteElo "1911"]
[BlackElo "2343"]
[PlyCount "84"]
[GameId "2160767910901401"]
[EventDate "2005.07.09"]
[EventType "swiss"]
[EventRounds "10"]
[EventCountry "CAN"]

1. e4 c5 2. Nf3 d6 3. d4 cxd4 4. Nxd4 Nf6 5. Nc3 a6 6. Bg5 e6 7. Qd2 b5 8. f3 h6 9. Bh4 b4 10. Bxf6 bxc3 11. Qxc3 gxf6 12. O-O-O Bd7 13. Bc4 Qb6 14. Rhe1 e5 15. Nf5 Bxf5 16. exf5 Nd7 17. f4 Rb8 18. a3 Be7 19. g4 exf4 20. Re4 Ne5 21. Rxf4 Kd7 22. b4 Rbc8 23. Qb3 Rc7 24. Bd5 Kc8 25. Kb1 Rf8 26. h3 Kb8 27. c4 Ka7 28. Ka2 Rh8 29. a4 a5 30. b5 Rd7 31. Rfd4 h5 32. Bxf7 hxg4 33. Be6 Rxh3 34. c5 Qxc5 35. b6+ Kb8 36. Rd5 Rxb3 37. Rxc5 dxc5 38. Bxd7 Rd3 39. Rxd3 Nxd3 40. Kb3 g3 41. Bc6 Nf4 42. Kc4 g2 0-1

[Event "CAN-op"]
[Site "Edmonton CAN"]
[Date "2005.07.10"]
[Round "2.26"]
[White "Gluckie, Jamin"]
[Black "Gentes, Kevin"]
[Result "0-1"]
[WhiteElo "1907"]
[BlackElo "2331"]
[PlyCount "72"]
[GameId "2160767910901402"]
[EventDate "2005.07.09"]
[EventType "swiss"]
[EventRounds "10"]
[EventCountry "CAN"]

1. d4 Nf6 2. c4 g6 3. f3 Bg7 4. e4 c5 5. d5 O-O 6. Nc3 e6 7. Bg5 h6 8. Be3 exd5 9. cxd5 d6 10. Qd2 Kh7 11. Nge2 a6 12. a4 Nbd7 13. Nc1 Qa5 14. Ra3 Ne5 15. Be2 Re8 16. O-O Rb8 17. h3 Qb4 18. Rb3 Nc4 19. Qe1 Nxe3 20. Rxb4 cxb4 21. Rf2 bxc3 22. bxc3 b5 23. axb5 axb5 24. Bxb5 Rxb5 25. Qxe3 Nxd5 26. Qd3 Nxc3 27. Rc2 Rc5 28. Nb3 Rc7 29. Qxd6 Be5 30. Qd2 Rd7 31. Qe3 Nd5 32. Qc1 Nf4 33. Qf1 Red8 34. Rc1 Nd3 35. Rb1 Ba6 36. Qe2 Bg3 0-1

[Event "CAN-op"]
[Site "Edmonton CAN"]
[Date "2005.07.10"]
[Round "2.27"]
[White "Sasata, Robert"]
[Black "Hill, Roderick"]
[Result "1/2-1/2"]
[WhiteElo "2323"]
[BlackElo "1904"]
[PlyCount "89"]
[GameId "2160767910901403"]
[EventDate "2005.07.09"]
[EventType "swiss"]
[EventRounds "10"]
[EventCountry "CAN"]

1. d4 Nc6 2. c4 e5 3. d5 Nce7 4. Nc3 Ng6 5. Nf3 Bb4 6. Qc2 Nf6 7. a3 Bxc3+ 8. Qxc3 Ne4 9. Qc2 f5 10. h4 d6 11. g4 O-O 12. g5 a5 13. b3 Bd7 14. Bb2 Nc5 15. h5 Ne7 16. h6 g6 17. Nxe5 dxe5 18. Qc3 Nxd5 19. cxd5 Qe7 20. f4 Ne4 21. Qxe5 Qxe5 22. Bxe5 c6 23. dxc6 Bxc6 24. e3 Bd5 25. O-O-O Bxb3 26. Kb2 a4 27. Bb5 Rfd8 28. Rd4 Rxd4 29. Bxd4 Nd6 30. Be2 Nc4+ 31. Bxc4+ Bxc4 32. Bf6 Kf7 33. Rd1 Bb5 34. Rd6 Re8 35. Be5 Re6 36. Rd8 Re8 37. Rd6 Re6 38. Rd8 Re8 39. Rd5 Bc6 40. Rd6 Re6 41. Rd4 Re7 42. Kc3 Re8 43. Kb4 Re7 44. Kc5 Re6 45. Rd8 1/2-1/2

[Event "CAN-op"]
[Site "Edmonton CAN"]
[Date "2005.07.10"]
[Round "2.29"]
[White "Peter, Steven"]
[Black "Wong, Wylon"]
[Result "1/2-1/2"]
[WhiteElo "2297"]
[BlackElo "1894"]
[PlyCount "69"]
[GameId "2160767910901404"]
[EventDate "2005.07.09"]
[EventType "swiss"]
[EventRounds "10"]
[EventCountry "CAN"]

1. Nf3 Nf6 2. c4 d6 3. g3 g6 4. b4 Bg7 5. Bb2 O-O 6. Bg2 c6 7. O-O Be6 8. d3 Na6 9. a3 Nc7 10. Nbd2 Qd7 11. Ng5 Bf5 12. Qc2 h6 13. Nge4 Nxe4 14. dxe4 Bh3 15. Bxg7 Kxg7 16. Rad1 Bxg2 17. Kxg2 Kh7 18. Nb3 Qe6 19. f3 Qf6 20. Rd3 b6 21. Rc1 a5 22. bxa5 bxa5 23. Nd4 c5 24. Nb5 Nxb5 25. cxb5 a4 26. Rb1 Rfb8 27. Qc4 Ra5 28. Rd5 Rb6 29. e5 Qe6 30. h4 Rbxb5 31. Rxb5 Rxb5 32. exd6 Rb2 33. Rxc5 Rxe2+ 34. Kf1 Re1+ 35. Kg2 1/2-1/2

[Event "CAN-op"]
[Site "Edmonton CAN"]
[Date "2005.07.10"]
[Round "2.31"]
[White "Pechenkin, Vladimir"]
[Black "Pradzinski, Tim"]
[Result "1-0"]
[WhiteElo "2263"]
[BlackElo "1894"]
[PlyCount "115"]
[GameId "2160767910901405"]
[EventDate "2005.07.09"]
[EventType "swiss"]
[EventRounds "10"]
[EventCountry "CAN"]

1. Nf3 d5 2. g3 Nc6 3. Bg2 Nf6 4. O-O e5 5. d3 h6 6. Nbd2 Bd6 7. e4 dxe4 8. dxe4 Be6 9. Qe2 a6 10. Nc4 O-O 11. Rd1 Qe7 12. Nxd6 cxd6 13. b3 Bg4 14. c3 Rad8 15. h3 Bh5 16. Ba3 Rd7 17. Rd2 Rfd8 18. Qe3 Bxf3 19. Qxf3 Qe6 20. Rad1 Na7 21. Bb2 Nc8 22. Kh2 Ne7 23. Qe2 Ng6 24. c4 Kh7 25. Bc3 Ne8 26. h4 Re7 27. Bh3 Qf6 28. Ba5 Rb8 29. Bb4 Rd8 30. c5 dxc5 31. Rxd8 cxb4 32. Bf5 Qb6 33. h5 Nf6 34. hxg6+ fxg6 35. Bh3 Rf7 36. R8d2 Nh5 37. Bg4 Nf6 38. Bf3 a5 39. Kg2 Qc6 40. Rc2 Qb6 41. Rc8 g5 42. Qc4 Kg6 43. Rcd8 Rc7 44. Qe2 Rc6 45. Bg4 Nxg4 46. Qxg4 Rf6 47. R1d2 h5 48. Qd7 Kh7 49. Qe8 h4 50. Qg8+ Kg6 51. R8d7 Kh5 52. Rxg7 h3+ 53. Kxh3 Qe6+ 54. Qxe6 Rxe6 55. Rd8 Kh6 56. Rxb7 Rf6 57. Rd5 Rxf2 58. Rd6+ 1-0

[Event "CAN-op"]
[Site "Edmonton CAN"]
[Date "2005.07.10"]
[Round "2.32"]
[White "Tomaras, Pavlos"]
[Black "Barclay, Wayne"]
[Result "1-0"]
[WhiteElo "1886"]
[BlackElo "2243"]
[PlyCount "173"]
[GameId "2160767910901406"]
[EventDate "2005.07.09"]
[EventType "swiss"]
[EventRounds "10"]
[EventCountry "CAN"]

1. e4 e6 2. d4 d5 3. exd5 exd5 4. Nf3 Bd6 5. Nc3 c6 6. Be2 Ne7 7. Bg5 Qb6 8. Rb1 Ng6 9. O-O O-O 10. b4 Nf4 11. Bxf4 Bxf4 12. b5 Qa5 13. Rb3 Nd7 14. Qd3 Qc7 15. g3 Bh6 16. Nh4 g6 17. f4 Re8 18. Bf3 Bg7 19. Bg2 Nf6 20. a4 c5 21. dxc5 Qxc5+ 22. Kh1 Ng4 23. Nd1 d4 24. h3 Nf6 25. c3 Be6 26. cxd4 Qc4 27. d5 Bxd5 28. Bxd5 Qxd5+ 29. Qf3 Ne4 30. Kh2 Rac8 31. Rd3 Qa2+ 32. Ng2 Nd2 33. Rxd2 Qxd2 34. f5 Re2 35. Nde3 Rc3 36. fxg6 hxg6 37. Qxf7+ Kh7 38. Rf4 Qxe3 39. Rh4+ Qh6 40. Rxh6+ Kxh6 41. Qf4+ Kh7 42. Qh4+ Bh6 43. Qf6 Rcc2 44. Qf7+ Bg7 45. Qxb7 Rxg2+ 46. Qxg2 Rxg2+ 47. Kxg2 Bc3 48. Kf3 Kg7 49. g4 Be1 50. Ke2 Bg3 51. Kf3 Bc7 52. h4 Kf6 53. Ke4 Ke6 54. h5 g5 55. Kd4 Bb6+ 56. Ke4 Ba5 57. Kd4 Bb4 58. Kc4 Bd2 59. Kd3 Be1 60. Ke4 Bc3 61. Kd3 Ba5 62. Kd4 Bb6+ 63. Ke4 Ba5 64. Kd4 Be1 65. Ke4 Bc3 66. Kd3 Ba5 67. Kd4 Bc7 68. Kc5 Ke5 69. Kc6 Bb6 70. Kb7 Kf4 71. h6 Kxg4 72. h7 Bd4 73. a5 Kf5 74. b6 axb6 75. a6 Kg6 76. a7 Kxh7 77. a8=Q Bc5 78. Qe8 Kg7 79. Qe6 Bf2 80. Qf5 Bc5 81. Qxg5+ Kf7 82. Qf5+ Ke7 83. Kc6 Ke8 84. Qd7+ Kf8 85. Kd5 Kg8 86. Ke6 Kh8 87. Kf6 1-0

[Event "CAN-op"]
[Site "Edmonton CAN"]
[Date "2005.07.10"]
[Round "2.33"]
[White "Peterson, Curtis"]
[Black "McGowan, Gary"]
[Result "0-1"]
[WhiteElo "1884"]
[BlackElo "2415"]
[PlyCount "90"]
[GameId "2160767910901407"]
[EventDate "2005.07.09"]
[EventType "swiss"]
[EventRounds "10"]
[EventCountry "CAN"]

1. e4 g6 2. f4 Bg7 3. d4 c5 4. c3 cxd4 5. cxd4 Qb6 6. Nf3 Nc6 7. e5 d6 8. Na3 Bg4 9. Nc4 Qc7 10. Be3 d5 11. Ncd2 Nh6 12. Qa4 Bd7 13. Bb5 O-O 14. Nb3 a6 15. Bxc6 Bxc6 16. Qb4 a5 17. Qc3 Rfc8 18. Rc1 b6 19. h3 Qd7 20. Qd2 Bb5 21. Rxc8+ Rxc8 22. g4 e6 23. f5 Bf8 24. a3 Ba6 25. fxe6 fxe6 26. Ng5 Qb5 27. Nc5 bxc5 28. Nxe6 cxd4 29. Nxd4 Qd3 30. Qxd3 Bxd3 31. e6 Bg7 32. Kd2 Be4 33. Rc1 Rxc1 34. Kxc1 Bxd4 35. Bxd4 Kf8 36. Bc5+ Ke8 37. Kd2 a4 38. Kc3 Bg2 39. Kb4 Bxh3 40. g5 Ng8 41. Kxa4 Bxe6 42. Kb4 Kd7 43. Kb5 h5 44. gxh6 Nxh6 45. a4 Nf5 0-1

[Event "CAN-op"]
[Site "Edmonton CAN"]
[Date "2005.07.10"]
[Round "2.34"]
[White "Gokhale, Anupama"]
[Black "Jiang, Louie"]
[Result "0-1"]
[WhiteElo "2243"]
[BlackElo "1895"]
[PlyCount "112"]
[GameId "2160767910901408"]
[EventDate "2005.07.09"]
[EventType "swiss"]
[EventRounds "10"]
[EventCountry "CAN"]

1. d4 d5 2. c4 e6 3. Nf3 c6 4. Nbd2 Nf6 5. e3 Nbd7 6. Qc2 Be7 7. Bd3 O-O 8. O-O h6 9. Rd1 b6 10. e4 dxe4 11. Nxe4 Bb7 12. c5 Nxe4 13. Bxe4 Nf6 14. Bd3 Nd5 15. Bd2 Qc7 16. Rac1 Rac8 17. Re1 Rfd8 18. a3 Bf6 19. b4 b5 20. g3 a6 21. Qb3 Re8 22. Bb1 Bd8 23. Qc2 Bf6 24. Ne5 Rcd8 25. Qh7+ Kf8 26. Ng4 Bxd4 27. Nxh6 gxh6 28. Bxh6+ Ke7 29. Rxe6+ Kd7 30. Rxe8 Rxe8 31. Bf5+ Kd8 32. Bg5+ f6 33. Qh4 Qe5 34. Qh7 Qe7 35. Qxe7+ Rxe7 36. Bd2 Bb2 37. Rd1 Kc7 38. h4 Bxa3 39. h5 Bc8 40. Bg6 Rg7 41. h6 Rg8 42. h7 Rh8 43. Rb1 a5 44. bxa5 Ne7 45. Bd3 Bf5 46. Bf4+ Kb7 47. a6+ Ka7 48. Rb3 b4 49. Bc4 Rxh7 50. Bd2 Be4 51. f3 Bc2 52. Re3 Bb2 53. Re6 Bd4+ 54. Kg2 b3 55. Ba5 Bxc5 56. Bc3 Bf5 0-1

[Event "CAN-op"]
[Site "Edmonton CAN"]
[Date "2005.07.10"]
[Round "2.35"]
[White "Milne, Arthur"]
[Black "Li, Zhichao"]
[Result "0-1"]
[WhiteElo "1876"]
[BlackElo "2238"]
[PlyCount "80"]
[GameId "2160767910901409"]
[EventDate "2005.07.09"]
[EventType "swiss"]
[EventRounds "10"]
[EventCountry "CAN"]

1. Nf3 d5 2. c4 e6 3. g3 Nf6 4. Bg2 Be7 5. O-O O-O 6. b3 c5 7. d3 Nc6 8. Bb2 d4 9. Na3 e5 10. Bc1 h6 11. Nc2 Bf5 12. Bd2 Re8 13. a3 e4 14. Nfe1 Qd7 15. b4 Bh3 16. Rb1 Bxg2 17. Kxg2 Ne5 18. bxc5 Bxc5 19. Rb5 Qc6 20. Kg1 a6 21. Rb3 Qd7 22. Ng2 Nh5 23. Nf4 Nxf4 24. Bxf4 Qh3 25. f3 exd3 26. exd3 b6 27. Nb4 Ng6 28. Nd5 Re6 29. Bc7 Rae8 30. Rb2 b5 31. f4 f5 32. Ba5 Bxa3 33. Ra2 Bd6 34. Re1 bxc4 35. dxc4 Bc5 36. Rxe6 Rxe6 37. Qd3 Ne7 38. Bd2 Qg4 39. Bc1 Nxd5 40. cxd5 Re1+ 0-1

[Event "CAN-op"]
[Site "Edmonton CAN"]
[Date "2005.07.10"]
[Round "2.38"]
[White "Gardner, Robert"]
[Black "Karmali, Hafiz"]
[Result "1-0"]
[WhiteElo "2221"]
[BlackElo "1867"]
[PlyCount "79"]
[GameId "2160767910901410"]
[EventDate "2005.07.09"]
[EventType "swiss"]
[EventRounds "10"]
[EventCountry "CAN"]

1. f4 Nf6 2. Nf3 g6 3. c4 c6 4. d4 Bg7 5. Nc3 d5 6. e3 O-O 7. Bd3 Nbd7 8. O-O dxc4 9. Bxc4 c5 10. Ng5 cxd4 11. Qxd4 Ng4 12. Qd5 Nh6 13. e4 Nb6 14. Qxd8 Rxd8 15. Bb3 Bd4+ 16. Kh1 Bd7 17. f5 gxf5 18. exf5 Bxc3 19. bxc3 Bb5 20. Rf3 Bc4 21. Ba3 Rd7 22. f6 Bxb3 23. axb3 exf6 24. Ne4 Nd5 25. c4 f5 26. Nc5 Nf6 27. Nxd7 Nxd7 28. Rd1 Re8 29. Rg3+ Kh8 30. Bb2+ f6 31. Rgd3 Ne5 32. Rd8 Rxd8 33. Rxd8+ Kg7 34. Bxe5 fxe5 35. Rd7+ Kg6 36. Rxb7 e4 37. Rxa7 Ng4 38. Kg1 e3 39. h3 Nf2 40. Kf1 1-0

[Event "CAN-op"]
[Site "Edmonton CAN"]
[Date "2005.07.10"]
[Round "2.39"]
[White "Erickson, John"]
[Black "Henson, Joshua"]
[Result "0-1"]
[WhiteElo "1904"]
[BlackElo "2221"]
[PlyCount "84"]
[GameId "2160767910901411"]
[EventDate "2005.07.09"]
[EventType "swiss"]
[EventRounds "10"]
[EventCountry "CAN"]

1. d4 f5 2. c4 Nf6 3. Nc3 g6 4. Nf3 Bg7 5. g3 O-O 6. Bg2 d6 7. O-O Qe8 8. Re1 Qf7 9. b3 Ne4 10. Bb2 Nc6 11. e3 e5 12. dxe5 dxe5 13. Qc2 Nb4 14. Qe2 Nc5 15. Red1 e4 16. Ne1 Nbd3 17. Nxd3 Nxd3 18. Na4 Bd7 19. Rxd3 exd3 20. Qxd3 Bxb2 21. Nxb2 Rad8 22. Qe2 c6 23. Nd3 Qf6 24. Rc1 Bc8 25. h4 Rf7 26. Nf4 Rfd7 27. c5 Rd2 28. Qc4+ Qf7 29. Qc3 Rxa2 30. Bf1 Qg7 31. Bc4+ Kh8 32. Qe1 Rad2 33. b4 Qb2 34. Nd3 R8xd3 35. Bxd3 Rxd3 36. Rd1 Rxd1 37. Qxd1 Qf6 38. h5 Kg7 39. Qa4 a6 40. Qa5 Be6 41. Qc7+ Kh6 42. Qa5 Bd5 0-1

[Event "CAN-op"]
[Site "Edmonton CAN"]
[Date "2005.07.10"]
[Round "2.41"]
[White "Stark, Mark"]
[Black "Pechisker, Alfred"]
[Result "0-1"]
[WhiteElo "1832"]
[BlackElo "2190"]
[PlyCount "88"]
[GameId "2160767910901412"]
[EventDate "2005.07.09"]
[EventType "swiss"]
[EventRounds "10"]
[EventCountry "CAN"]

1. d4 Nf6 2. g3 d5 3. Bg2 e6 4. Nf3 Nbd7 5. O-O Bd6 6. c4 c6 7. Qc2 O-O 8. Rd1 Ne4 9. Nc3 f5 10. b3 Qf6 11. Bf4 Bxf4 12. gxf4 Qh6 13. e3 Ndf6 14. Ne5 Nxc3 15. Qxc3 Bd7 16. f3 Be8 17. Qb4 Rb8 18. Qd6 Bf7 19. Qe7 Qh5 20. Rac1 h6 21. Re1 a6 22. c5 Rfe8 23. Qxf7+ Qxf7 24. Nxf7 Kxf7 25. b4 g5 26. fxg5 hxg5 27. a4 e5 28. Kf2 exd4 29. exd4 Nh5 30. Bf1 Nf4 31. b5 axb5 32. axb5 Rh8 33. Kg1 Ne6 34. Red1 Rh4 35. Rb1 Rbh8 36. bxc6 bxc6 37. Rb7+ Kf6 38. h3 Rxd4 39. Rc1 Rd2 40. Rd7 Nd4 41. Rd6+ Ke5 42. Re1+ Kf4 43. Bg2 Kg3 44. Bh1 Rxh3 0-1

[Event "CAN-op"]
[Site "Edmonton CAN"]
[Date "2005.07.10"]
[Round "2.42"]
[White "Davies, Lucas"]
[Black "Baser, John"]
[Result "1-0"]
[WhiteElo "2165"]
[BlackElo "1815"]
[PlyCount "59"]
[GameId "2160767910901413"]
[EventDate "2005.07.09"]
[EventType "swiss"]
[EventRounds "10"]
[EventCountry "CAN"]

1. e4 c5 2. Nf3 d6 3. d4 cxd4 4. Nxd4 Nf6 5. Nc3 a6 6. Be2 e5 7. Nb3 Be7 8. O-O O-O 9. a4 Qc7 10. Kh1 Be6 11. f4 Nbd7 12. f5 Bc4 13. Be3 Rac8 14. g4 h6 15. Rg1 b6 16. Bf3 d5 17. exd5 Bxb3 18. cxb3 Nc5 19. b4 Ncd7 20. b5 a5 21. Ne4 Nxe4 22. Bxe4 Nc5 23. Qf3 f6 24. h4 Rfd8 25. Rac1 Qd6 26. Rgd1 Nxa4 27. Rc6 Qb4 28. d6 Bf8 29. d7 Rxc6 30. bxc6 1-0

[Event "CAN-op"]
[Site "Edmonton CAN"]
[Date "2005.07.10"]
[Round "2.44"]
[White "Klein, Felix"]
[Black "Thomas, Bruce"]
[Result "1-0"]
[WhiteElo "2123"]
[BlackElo "1795"]
[PlyCount "53"]
[GameId "2160767910901414"]
[EventDate "2005.07.09"]
[EventType "swiss"]
[EventRounds "10"]
[EventCountry "CAN"]

1. e4 e6 2. d4 d5 3. Nc3 Nc6 4. e5 b6 5. Nf3 Bb7 6. Bb5 Qd7 7. O-O O-O-O 8. Qe2 Kb8 9. a4 Bb4 10. a5 Qc8 11. axb6 cxb6 12. Bd2 Bxc3 13. Bxc3 Nge7 14. Ra3 Qc7 15. Rfa1 h5 16. Bxc6 Nxc6 17. b4 Rc8 18. b5 Na5 19. Bxa5 bxa5 20. c3 Qb6 21. Qb2 Rc7 22. Ne1 Bc8 23. Nd3 Re8 24. Rxa5 Ree7 25. Nc5 f6 26. Ra6 Bxa6 27. Rxa6 1-0

[Event "CAN-op"]
[Site "Edmonton CAN"]
[Date "2005.07.10"]
[Round "2.45"]
[White "Gulati, Justin"]
[Black "Tomaras, Ioannis"]
[Result "1-0"]
[WhiteElo "2122"]
[BlackElo "1680"]
[PlyCount "47"]
[GameId "2160767910901415"]
[EventDate "2005.07.09"]
[EventType "swiss"]
[EventRounds "10"]
[EventCountry "CAN"]

1. e4 c5 2. Nc3 d6 3. g3 Nf6 4. Bg2 Nc6 5. d3 g6 6. f4 Nd4 7. Nce2 Bg4 8. c3 Nxe2 9. Nxe2 Qc7 10. h3 Bd7 11. Be3 Bc6 12. Qc2 Bg7 13. O-O O-O 14. g4 b5 15. f5 a5 16. Qd2 Rfb8 17. Bh6 Bh8 18. Qg5 Ne8 19. fxg6 hxg6 20. Rxf7 Kxf7 21. Nf4 e5 22. Qxg6+ Ke7 23. Bg5+ Nf6 24. Qh7+ 1-0

[Event "CAN-op"]
[Site "Edmonton CAN"]
[Date "2005.07.10"]
[Round "2.46"]
[White "Tegzes, Laszlo"]
[Black "Hendon, Lee"]
[Result "1/2-1/2"]
[WhiteElo "2109"]
[BlackElo "1544"]
[PlyCount "46"]
[GameId "2160767910901416"]
[EventDate "2005.07.09"]
[EventType "swiss"]
[EventRounds "10"]
[EventCountry "CAN"]

1. e4 c5 2. c3 d5 3. exd5 Qxd5 4. d4 Nf6 5. Nf3 Bg4 6. Be2 e6 7. Bf4 Be7 8. O-O O-O 9. Be5 Rd8 10. Qa4 a6 11. Bxf6 Bxf6 12. dxc5 Qf5 13. Nbd2 Nd7 14. Ne4 Nxc5 15. Nxc5 Bxf3 16. Bxf3 Qxc5 17. Bxb7 Rab8 18. Bf3 Rxb2 19. Qxa6 Qxc3 20. Rac1 Qd4 21. Rcd1 Qb6 22. Rxd8+ Bxd8 23. Qc8 Rb1 1/2-1/2

[Event "CAN-op"]
[Site "Edmonton CAN"]
[Date "2005.07.10"]
[Round "2.49"]
[White "Conner, Kris"]
[Black "Henry, Liam"]
[Result "0-1"]
[WhiteElo "1586"]
[BlackElo "2062"]
[PlyCount "68"]
[GameId "2160767910901417"]
[EventDate "2005.07.09"]
[EventType "swiss"]
[EventRounds "10"]
[EventCountry "CAN"]

1. e4 c5 2. Nf3 d6 3. d4 cxd4 4. Nxd4 Nf6 5. Nc3 a6 6. Bg5 e6 7. f4 Be7 8. Qf3 Qc7 9. O-O-O Nbd7 10. g4 h6 11. Bxf6 Bxf6 12. f5 Ne5 13. Qg3 Bd7 14. h4 Nc4 15. g5 Be5 16. Qf3 Nxb2 17. Kxb2 Bxd4 18. Rd3 Rc8 19. f6 gxf6 20. gxf6 Qc4 21. Rh3 Rg8 22. Rg3 Rxg3 23. Qxg3 Bxf6 24. Rf3 Bxc3+ 25. Kc1 Bd2+ 26. Kxd2 Qxc2+ 27. Ke1 Qxe4+ 28. Be2 Rc1+ 29. Kf2 Qd4+ 30. Re3 Rc3 31. Qg8+ Ke7 32. Bh5 Qxe3+ 33. Kg2 Bc6+ 34. Kf1 Rc1+ 0-1

[Event "CAN-op"]
[Site "Edmonton CAN"]
[Date "2005.07.10"]
[Round "2.50"]
[White "Ingram, Richard"]
[Black "Reichert, Wayne"]
[Result "1-0"]
[WhiteElo "2056"]
[BlackElo "1275"]
[PlyCount "37"]
[GameId "2160767910901418"]
[EventDate "2005.07.09"]
[EventType "swiss"]
[EventRounds "10"]
[EventCountry "CAN"]

1. e4 c5 2. Nc3 e6 3. Nge2 d6 4. d4 cxd4 5. Nxd4 Nf6 6. g3 a6 7. Bg2 e5 8. Nb3 Nc6 9. h3 Be7 10. g4 h6 11. Be3 O-O 12. Qd2 Re8 13. O-O-O g5 14. f3 b5 15. Qf2 Rb8 16. Nd5 Bf8 17. Bb6 Qd7 18. Nxf6+ Kg7 19. Nxd7 1-0

[Event "CAN-op"]
[Site "Edmonton CAN"]
[Date "2005.07.10"]
[Round "2.51"]
[White "Baser, Arthur"]
[Black "Nguyen, Kim"]
[Result "0-1"]
[WhiteElo "1560"]
[BlackElo "2060"]
[PlyCount "42"]
[GameId "2160767910901419"]
[EventDate "2005.07.09"]
[EventType "swiss"]
[EventRounds "10"]
[EventCountry "CAN"]

1. e4 c5 2. Nf3 d6 3. d4 cxd4 4. Nxd4 Nf6 5. Nc3 a6 6. Bc4 e6 7. Bb3 Nbd7 8. Be3 Nc5 9. f3 b5 10. Qe2 Qc7 11. g4 h6 12. h4 g6 13. O-O-O Bd7 14. g5 Nh5 15. Rhe1 b4 16. f4 bxc3 17. f5 cxb2+ 18. Kb1 Nxe4 19. Qf3 Bc6 20. Qf1 Nhg3 21. Qc4 d5 0-1

[Event "CAN-op"]
[Site "Edmonton CAN"]
[Date "2005.07.10"]
[Round "2.52"]
[White "Swathi, Ghate"]
[Black "Escandor, Manuel Omana"]
[Result "1-0"]
[WhiteElo "2281"]
[BlackElo "1787"]
[PlyCount "69"]
[GameId "2160767910901420"]
[EventDate "2005.07.09"]
[EventType "swiss"]
[EventRounds "10"]
[EventCountry "CAN"]

1. e4 e5 2. Nf3 Nc6 3. Bb5 d6 4. d4 exd4 5. Nxd4 Bd7 6. O-O Ne5 7. Be2 Nf6 8. Nc3 Be7 9. Kh1 O-O 10. f4 Nc6 11. Nb3 Be6 12. Bf3 Bc4 13. Re1 Nd7 14. Be3 Bh4 15. g3 Bf6 16. Qd2 Re8 17. Rad1 Nb6 18. Bf2 Ba6 19. e5 Nc4 20. Qc1 Be7 21. Nc5 N4a5 22. a3 Rb8 23. Nxa6 bxa6 24. b4 Nxb4 25. axb4 Rxb4 26. Qa3 c5 27. exd6 Nc4 28. dxe7 Qxd1 29. Rxd1 Nxa3 30. Rd8 Rb8 31. Rxb8 Rxb8 32. Bc6 Nb1 33. Nxb1 Rxb1+ 34. Kg2 Rb8 35. Bxc5 1-0